000 00252nam a22000857a 4500
008 160629b xxu||||| |||| 00| 0 eng d
100 _91363
_a Aggarwal, J.C
245 _aAncient & Medieval History of India - XI
260 _aNew Delhi
_bVikas Publication
_c1998
999 _c1122
_d1122